<?xml version="1.0" encoding="UTF-8"?>
<record
    xmlns:xsi="http://www.w3.org/2001/XMLSchema-instance"
    xsi:schemaLocation="http://www.loc.gov/MARC21/slim http://www.loc.gov/standards/marcxml/schema/MARC21slim.xsd"
    xmlns="http://www.loc.gov/MARC21/slim">

  <leader>03686cas a22006737a 4500</leader>
  <controlfield tag="001">4210382</controlfield>
  <controlfield tag="003">ASAB</controlfield>
  <controlfield tag="005">20180827062636.0</controlfield>
  <controlfield tag="006">m        d        </controlfield>
  <controlfield tag="007">cr  n         </controlfield>
  <controlfield tag="008">030123c20039999mnumn pss     0   a0eng c</controlfield>
  <datafield tag="020" ind1=" " ind2=" ">
    <subfield code="a">978-93-83101-69-6</subfield>
  </datafield>
  <datafield tag="035" ind1=" " ind2=" ">
    <subfield code="a">(WaSeSS)ssj0023812</subfield>
  </datafield>
  <datafield tag="037" ind1=" " ind2=" ">
    <subfield code="b">Advanstar Communications, 131 West First Street, Duluth, MN 55802</subfield>
  </datafield>
  <datafield tag="040" ind1=" " ind2=" ">
    <subfield code="c">ASAB</subfield>
  </datafield>
  <datafield tag="042" ind1=" " ind2=" ">
    <subfield code="a">pcc</subfield>
    <subfield code="a">nsdp</subfield>
  </datafield>
  <datafield tag="082" ind1="1" ind2="0">
    <subfield code="a">615</subfield>
    <subfield code="2">14</subfield>
  </datafield>
  <datafield tag="082" ind1="1" ind2="4">
    <subfield code="a">615</subfield>
    <subfield code="2">13</subfield>
  </datafield>
  <datafield tag="100" ind1=" " ind2=" ">
    <subfield code="a">Ranjan Singh</subfield>
    <subfield code="9">1851</subfield>
  </datafield>
  <datafield tag="130" ind1="0" ind2=" ">
    <subfield code="a">Pharmaceutical technology (2003 : Online)</subfield>
    <subfield code="9">1852</subfield>
  </datafield>
  <datafield tag="210" ind1="1" ind2="0">
    <subfield code="a">Pharmaceutical technology</subfield>
  </datafield>
  <datafield tag="210" ind1="0" ind2=" ">
    <subfield code="a">Pharm. technol.</subfield>
  </datafield>
  <datafield tag="222" ind1=" " ind2="0">
    <subfield code="a">Pharmaceutical technology</subfield>
  </datafield>
  <datafield tag="245" ind1="1" ind2="0">
    <subfield code="a">Pharmaceutical technology</subfield>
    <subfield code="c">Ranjan Singh</subfield>
  </datafield>
  <datafield tag="260" ind1=" " ind2=" ">
    <subfield code="a">Duluth, MN :</subfield>
    <subfield code="b">Advanstar Communications</subfield>
  </datafield>
  <datafield tag="300" ind1=" " ind2=" ">
    <subfield code="a">238 P.</subfield>
  </datafield>
  <datafield tag="310" ind1=" " ind2=" ">
    <subfield code="a">Monthly (except 2 issues in June)</subfield>
  </datafield>
  <datafield tag="362" ind1="1" ind2=" ">
    <subfield code="a">Print began with v. 27, no. 2 (Feb. 2003).</subfield>
  </datafield>
  <datafield tag="506" ind1=" " ind2=" ">
    <subfield code="a">Access limited to subscribers.</subfield>
  </datafield>
  <datafield tag="525" ind1=" " ind2=" ">
    <subfield code="a">Has supplements.</subfield>
  </datafield>
  <datafield tag="530" ind1=" " ind2=" ">
    <subfield code="a">Also available in print.</subfield>
  </datafield>
  <datafield tag="538" ind1=" " ind2=" ">
    <subfield code="a">Mode of access: World Wide Web.</subfield>
  </datafield>
  <datafield tag="650" ind1=" " ind2="0">
    <subfield code="a">Pharmaceutical technology</subfield>
    <subfield code="v">Periodicals.</subfield>
    <subfield code="9">1853</subfield>
  </datafield>
  <datafield tag="650" ind1=" " ind2="0">
    <subfield code="a">Pharmaceutical industry</subfield>
    <subfield code="v">Periodicals.</subfield>
    <subfield code="9">1854</subfield>
  </datafield>
  <datafield tag="650" ind1="1" ind2="2">
    <subfield code="a">Technology, Pharmaceutical.</subfield>
    <subfield code="9">1855</subfield>
  </datafield>
  <datafield tag="650" ind1="2" ind2="2">
    <subfield code="a">Drug Industry.</subfield>
    <subfield code="9">1856</subfield>
  </datafield>
  <datafield tag="650" ind1=" " ind2="6">
    <subfield code="a">Techniques pharmaceutiques</subfield>
    <subfield code="v">P&#xE9;riodiques.</subfield>
    <subfield code="9">1857</subfield>
  </datafield>
  <datafield tag="650" ind1=" " ind2="6">
    <subfield code="a">Industrie pharmaceutique</subfield>
    <subfield code="v">P&#xE9;riodiques.</subfield>
    <subfield code="9">1858</subfield>
  </datafield>
  <datafield tag="650" ind1=" " ind2="7">
    <subfield code="a">Pharmaceutical industry.</subfield>
    <subfield code="2">fast</subfield>
    <subfield code="9">1859</subfield>
  </datafield>
  <datafield tag="650" ind1=" " ind2="7">
    <subfield code="a">Pharmaceutical technology.</subfield>
    <subfield code="2">fast</subfield>
    <subfield code="9">1860</subfield>
  </datafield>
  <datafield tag="655" ind1=" " ind2="0">
    <subfield code="a">Electronic journals.</subfield>
    <subfield code="9">1861</subfield>
  </datafield>
  <datafield tag="770" ind1="0" ind2=" ">
    <subfield code="t">Analytical chemistry &amp; testing</subfield>
  </datafield>
  <datafield tag="776" ind1="1" ind2=" ">
    <subfield code="t">Pharmaceutical technology</subfield>
    <subfield code="x">1543-2521</subfield>
    <subfield code="w">(DLC)2003212319</subfield>
  </datafield>
  <datafield tag="776" ind1="1" ind2=" ">
    <subfield code="t">Pharmaceutical technology</subfield>
    <subfield code="x">1543-2521</subfield>
    <subfield code="w">(DNLM)101172090</subfield>
  </datafield>
  <datafield tag="780" ind1="0" ind2="0">
    <subfield code="t">Pharmaceutical technology North America</subfield>
  </datafield>
  <datafield tag="856" ind1="4" ind2="0">
    <subfield code="u">http://www.columbia.edu/cgi-bin/cul/resolve?clio4210382.001</subfield>
    <subfield code="z">Full text available from Freely Accessible Journals</subfield>
  </datafield>
  <datafield tag="856" ind1="4" ind2="0">
    <subfield code="u">http://www.columbia.edu/cgi-bin/cul/resolve?clio4210382.002</subfield>
    <subfield code="z">Full text available from Business Insights: Essentials: 01/01/2000 to present</subfield>
  </datafield>
  <datafield tag="856" ind1="4" ind2="0">
    <subfield code="u">http://www.columbia.edu/cgi-bin/cul/resolve?clio4210382.003</subfield>
    <subfield code="z">Full text available from ABI/INFORM Complete: 02/01/2003 to present</subfield>
  </datafield>
  <datafield tag="856" ind1="4" ind2="0">
    <subfield code="u">http://www.columbia.edu/cgi-bin/cul/resolve?clio4210382.004</subfield>
    <subfield code="z">Full text available from ABI/INFORM Global: 02/01/2003 to present</subfield>
  </datafield>
  <datafield tag="856" ind1="4" ind2="0">
    <subfield code="u">http://www.columbia.edu/cgi-bin/cul/resolve?clio4210382.005</subfield>
    <subfield code="z">Full text available from ABI/INFORM Trade &amp; Industry: 02/01/2003 to present</subfield>
  </datafield>
  <datafield tag="856" ind1="4" ind2="0">
    <subfield code="u">http://www.columbia.edu/cgi-bin/cul/resolve?clio4210382.006</subfield>
    <subfield code="z">Full text available from Business Source Complete: 02/01/2003 to present</subfield>
  </datafield>
  <datafield tag="856" ind1="4" ind2="0">
    <subfield code="u">http://www.columbia.edu/cgi-bin/cul/resolve?clio4210382.007</subfield>
    <subfield code="z">Full text available from Pharmaceutical News Index: 02/01/2003 to present</subfield>
  </datafield>
  <datafield tag="856" ind1="4" ind2="0">
    <subfield code="u">http://www.columbia.edu/cgi-bin/cul/resolve?clio4210382.008</subfield>
    <subfield code="z">Full text available from ProQuest Career and Technical Education: 02/01/2003 to present</subfield>
  </datafield>
  <datafield tag="856" ind1="4" ind2="0">
    <subfield code="u">http://www.columbia.edu/cgi-bin/cul/resolve?clio4210382.009</subfield>
    <subfield code="z">Full text available from ProQuest Central (purchase pre-March 2016): 02/01/2003 to present</subfield>
  </datafield>
  <datafield tag="856" ind1="4" ind2="0">
    <subfield code="u">http://www.columbia.edu/cgi-bin/cul/resolve?clio4210382.010</subfield>
    <subfield code="z">Full text available from ProQuest Nursing &amp; Allied Health Source: 02/01/2003 to present</subfield>
  </datafield>
  <datafield tag="856" ind1="4" ind2="0">
    <subfield code="u">http://www.columbia.edu/cgi-bin/cul/resolve?clio4210382.011</subfield>
    <subfield code="z">Full text available from ProQuest Research Library: 02/01/2003 to present</subfield>
  </datafield>
  <datafield tag="856" ind1="4" ind2="0">
    <subfield code="u">http://www.columbia.edu/cgi-bin/cul/resolve?clio4210382.012</subfield>
    <subfield code="z">Full text available from ProQuest Science Journals: 02/01/2003 to present</subfield>
  </datafield>
  <datafield tag="942" ind1=" " ind2=" ">
    <subfield code="2">ddc</subfield>
    <subfield code="c">BK</subfield>
  </datafield>
  <datafield tag="999" ind1=" " ind2=" ">
    <subfield code="c">480106</subfield>
    <subfield code="d">480106</subfield>
  </datafield>
  <datafield tag="952" ind1=" " ind2=" ">
    <subfield code="0">0</subfield>
    <subfield code="1">0</subfield>
    <subfield code="2">ddc</subfield>
    <subfield code="4">0</subfield>
    <subfield code="7">0</subfield>
    <subfield code="8">NFIC</subfield>
    <subfield code="a">ASAB</subfield>
    <subfield code="b">ASAB</subfield>
    <subfield code="d">2016-06-09</subfield>
    <subfield code="l">0</subfield>
    <subfield code="o">615 SIN</subfield>
    <subfield code="p">ASAB3351</subfield>
    <subfield code="r">2016-06-09</subfield>
    <subfield code="w">2016-06-09</subfield>
    <subfield code="y">BK</subfield>
  </datafield>
</record>
